| 000 | 00835nam a2200253 a 4500 | ||
|---|---|---|---|
| 001 | 65903 | ||
| 003 | BD-RjUL | ||
| 005 | 20211209081500.0 | ||
| 008 | 170313r20122009ii a b 001 0 eng | ||
| 020 | _a9788120340077 | ||
| 035 | _a(BD-RjUL)66033 | ||
| 040 |
_aDLC _cDLC _dBTCTA _dYDXCP _dUKM _dC#P _dBWX _dCDX _dNLGGC _dCUV _dDLC _dBD-RjUL _beng |
||
| 041 | _aeng | ||
| 082 | 0 | 0 |
_223 _a005.1 _bINT 2012 |
| 245 | 0 | 0 |
_aIntroduction to algorithms / _cThomas H. Cormen ... [et al.]. |
| 250 | _a3rd ed. | ||
| 260 |
_aNew Delhi : _bPHI learning, _cc2009 [reprinted 2012]. |
||
| 300 |
_axix, 1292 p. : _bill. ; _c24 cm. |
||
| 504 | _aIncludes bibliographical references (p. [1231]-1249) and index. | ||
| 650 | 0 |
_aComputer programming. _9194659 |
|
| 650 | 0 |
_aComputer algorithms. _9194891 |
|
| 700 | 1 |
_aCormen, Thomas H. _9194892 |
|
| 942 |
_2ddc _cBK |
||
| 999 |
_c65903 _d65903 |
||